Statistics for 15 Largest Cities in Switzerland🇨🇭

Click here to take the quiz!

General Stats

  • This quiz has been taken 54 times
  • The average score is 9 of 15

Answer Stats

PopulationCity% Correct
164kBasel
98%
121kBern
98%
183kGeneva
98%
341kZurich
98%
116kLausanne
84%
63kLugano
73%
57kLucerne
71%
91kWinterthur
63%
33kSchaffhausen
47%
48kBiel/Bienne
45%
70kSankt Gallen
37%
42kThun
37%
37kKoniz
14%
36kLa Chaux-de-Fonds
12%
34kRapperswil
8%

Score Distribution

Percentile by Number Answered

Percent of People with Each Score

Your Score History

You have not taken this quiz